000 00553nam a2200193Ia 4500
005 20250508160140.0
008 008 250505s9999 xx 000 0 eng d
037 _aBooks to be hide in OPAC
040 _aFEDL
_beng
_cFEDL
041 _aeng
_2eng
084 _a370.15, SHU/O
_qFEDL
100 _aShukla L R
_9757070
245 0 _aElements of educational psychology
260 _aVaranasi, India
_bNanad Kishore and Brothers
_c1956
300 _a401p
365 _aINR
_b6
942 _cHB
_h370.15, SHU/O
999 _c1362225
_d1362225